000 00657nam a2200205Ia 4500
001 19176
003 GE_BSU
008 181216s||||||||xx |||||||||||||| ||und||
040 _cGE_BSU
245 _aТеоретическая и математическая физика №1.(Том187). 2016
245 _cГл.ред.А.А.Славнов и др.
260 _aМосква
260 _bНаука
260 _c2016
300 _a194стр,23см
653 _aПериодика
653 _aТеоретическая и математическая физика. №1.(Том187). 2016
653 _aპერიოდიკა
942 _cCR
999 _c52168
_d52168